| 000 | 00806nas a2200277 4500 | ||
|---|---|---|---|
| 001 | BR7306060 | ||
| 003 | BR-BrBNA | ||
| 005 | 20231205082555.0 | ||
| 007 | ta | ||
| 008 | 230509b bl.|||p| |||| 00| 00por d | ||
| 040 |
_aBR-BrBNA _bpor _cBiblioteca Nacional de Agricultura |
||
| 041 | _a(Pt) | ||
| 072 | _aL00; E70 | ||
| 100 | 1 | _aXavier, E. | |
| 245 | 1 | _aApicultura, valioso suporte economico da agricultura [mercado, mel, cera, exportacao, Apis mellifera, polinizacao] | |
| 650 | _aABELHA | ||
| 650 | _aMEL | ||
| 650 | _aCERA | ||
| 650 | _aPOLINIZACAO | ||
| 650 | _aCOMERCIALIZACAO | ||
| 650 | _aMERCADO | ||
| 650 | _aEXPORTACAO | ||
| 773 | 0 |
_tLavoura (Brazil) _xISSN 0023-9135 _g(Mar-Apr 1975), v. 178 p. 21-28 _wBR7306060 |
|
| 909 |
_a202311 _bLúcia _c55 _dLúcia Elande |
||
| 942 |
_2AGRIS _n0 _cANA |
||
| 999 |
_c92910 _d92910 |
||